| 000 | 00731nam a2200253 u 4500 | ||
|---|---|---|---|
| 001 | 000056958 | ||
| 005 | 20200120223406.0 | ||
| 008 | 120416s2009 sp a br 000 p spa d | ||
| 020 | _a9788424131876 | ||
| 041 | 0 | _aspa | |
| 043 | _ae-sp--- | ||
| 090 |
_aJN _bARMW |
||
| 100 | 1 | _aArmstrong, William H., | |
| 245 | 1 | 0 |
_aTrueno / _cWilliam H. Armstrong; traducción de Daniel Santacruz. |
| 250 | _a11a. ed. | ||
| 260 |
_aLeón (España) : _bEverest, _c2009. |
||
| 300 | _a104 p. | ||
| 490 | 0 | _aPunto de encuentro | |
| 650 | 1 | 4 | _aNovela juvenil estadounidense |
| 650 | 2 | 4 | _aLiteratura juvenil estadounidense |
| 650 | 2 | 4 | _aAventuras en la literatura |
| 650 | 2 | 4 | _aAnimales en la literatura |
| 700 | 1 |
_aSantacruz, Daniel, _etr. |
|
| 999 |
_c6255 _d6255 |
||